000 00847nam a22003137a 4500
001 BR0501452
003 BR-BrBNA
005 20230928101849.0
007 ta
008 230509b bl.||||| |||| 00| 0 por d
040 _aBR-BrBNA
_bpor
_cBiblioteca Nacional de Agricultura
041 _a(Por)
072 _aD50; K10
090 _ D50 BR0501452
100 1 _aChaves, A.
245 1 _aDevastação florestal da Amazônia; relatório da Comissão Parlamentar de Inquérito
260 3 _aBrasília, DF (Brasil):
_c1983.
300 _a89 p.
500 _a9 ref.; 27 tables
650 _aFLORESTA
650 _aDESMATAMENTO
650 _aPOLÍTICA FLORESTAL
650 _aMEIO AMBIENTE
650 _aEXPLORAÇÃO FLORESTAL
650 _aLEGISLAÇÃO
650 _aAMAZÔNIA
909 _a202309
_bLucia
_c55
_dLucia Elande
942 _cBK
999 _c67949
_d67949